000 01017nam a2200253 a 4500
001 000731034
003 AM-YeHGA
005 20250617143139.0
008 100423s1985 ru r 000 0 rus d
040 _aAM-YeHGA
041 0 _arus
245 0 0 _aСегетальные сообщества Башкирии /
_cБ. М. Миркин , Л. М. Абрамова , А. Р. Ишбирдин и др.; [Отв. ред. В. В. Туганаев].
260 _aУфа :
_bБФАН СССР,
_c1985.
300 _a158 с.
500 _aВ надзаг.: АН СССР, Башк. фил., Ин-т биологии
504 _aБиблиогр.: с. 150-156
653 0 _aАгрофитоценозы - Башк. АССР
653 0 _aСорняки - Башк. АССР
700 1 _aМиркин, Борис Михайлович
700 1 _aАбрамова, Л.М
700 1 _aИшбирдин, А.Р
700 1 _aТуганаев, Виктор Васильевич
_eред.
_4edt
090 _c271938
999 _c270300
_d270300